| 000 | 00418nam a2200181Ia 4500 | ||
|---|---|---|---|
| 003 | OSt | ||
| 005 | 20240621170018.0 | ||
| 008 | 230408s9999 xx 000 0 und d | ||
| 020 | _a9789392757068 | ||
| 082 |
_a920 _bKIDB |
||
| 100 | _aKidwai, Rashid | ||
| 245 | 0 | _aBharat Ke Pradhanmantri | |
| 260 |
_aDelhi _bRajkamal Prakashan _c2021 |
||
| 300 | _a255 | ||
| 546 | _aHindi | ||
| 650 | _aBiography | ||
| 942 |
_cBK _2ddc |
||
| 999 |
_c1740 _d1740 |
||